| 000 | 00673nam a22002177a 4500 | ||
|---|---|---|---|
| 003 | LK-CoMWRAF | ||
| 005 | 20231122112252.0 | ||
| 008 | 230923b2006 |||||||| |||| 00| 0 eng d | ||
| 020 | _a9789068324334 | ||
| 040 |
_aLK-CoMWRAF _dLK-CoMWRAF _eLK-CoMWRAF |
||
| 041 | _aeng | ||
| 082 |
_a069 _bSHE |
||
| 100 | _aSheriff, Abdul | ||
| 245 |
_aThe Zanzibar House of Wonders Museum: _bself-reliance and partnership, A case study in culture and development |
||
| 260 |
_aAmsterdam: _bKIT Publishers, _c2006 |
||
| 650 | _aMUSEUMS-Tanzania--Zanzibar--Administration. | ||
| 650 | _aZanzibar--Cultural policy. | ||
| 700 | _aVoogt, Paul | ||
| 700 | _aLuhila, Mubiana | ||
| 942 | _cBK | ||
| 999 |
_c3636 _d3636 |
||